Put Your Head On My Shoulder - Paul Anka - All Lyrics - Statistics

General Stats
  • This quiz has been taken 30 times
  • The average score is 107 of 138
Answer Stats
Answer % Correct
a
100%
A
100%
head
100%
I
100%
my
100%
oh,
100%
on
100%
Put
100%
shoulder
100%
you
100%
You
100%
(You
100%
your
100%
baby
94%
to
94%
in
88%
me
88%
me,
88%
and
82%
And
82%
arms,
82%
Hold
82%
mine,
82%
so
82%
dear
76%
lips
76%
love
76%
love)
76%
next
76%
that
71%
will
71%
it
65%
kiss
65%
too
65%
too)
65%
fall
59%
Just
59%
just
59%
tight
59%
win
59%
can't
53%
goodnight,
53%
If
53%
maybe
53%
say
53%
Show
53%
Squeeze
53%
ear,
47%
game
47%
hear
47%
hear,
47%
I'll
47%
love's
47%
once,
47%
someday
47%
Tell
47%
tell
47%
(Tell
47%
then
47%
this
47%
want
47%
Whisper
47%
Won't
47%
find
41%
fool
41%
People
41%
rush
41%
Words
41%
there's
35%
way,
35%
No matching quizzes found
Score Distribution
Percent of People with Each Score
Percentile by Number Answered
Your Score History
You have not taken this quiz